00872nam a2200157 a 450000100100000000500170001000800410002704000250006808200140009324503340010726000560044130000200049704900090051795201710052699900170069700002920420200930055409.0110414s1922 dr 000 0 spa d aDO-SdBNPbspacBNPHU axxxxbO3300aMi ofrenda :bdiscurso pronunciado por el canónigo Don Armando Lamarche y Marchena en su parroquia de La Concepción de La Vega el día 21 de enero de 1920, al inaugurar, solemnemente él culto iniciado por él y aprobado por la Superior Curia Eclesiástica de la Adoración Perpetua de Nuestra Señora de la Altagracia. aSanto Domingo :bRafael V. Montalvo. Editor,c1922. a17 p. ;c21 cm. aBNPD 001050718RVaPDbPDcHDd2011-04-14iLF1l0oxxxx O33p29204-10r2020-06-25w2020-06-25y1zPerteneció a la biblioteca personal de Martínez Boog.ZNo se presta c28696d28696